Crónica del Centenario del Don Quijote / (Record no. 50157)

MARC details
000 -LEADER
campo de control de longitud fija 01879nam a2200373 i 4500
001 - NÚMERO DE CONTROL
campo de control 50157
003 - IDENTIFICADOR DE NÚMERO DE CONTROL
campo de control ES-MaACL
005 - FECHA Y HORA DE LA ÚLTIMA TRANSACCIÓN
campo de control 20250716120412.0
007 - CAMPO FIJO DE DESCRIPCIÓN FÍSICA--INFORMACIÓN GENERAL
campo de control de longitud fija t|
008 - DATOS DE LONGITUD FIJA--INFORMACIÓN GENERAL
campo de control de longitud fija 030731s1905 sp a |||| | spa d
040 ## - FUENTE DE CATALOGACIÓN
Centro/agencia transcriptor ES-MaACL
080 ## - NÚMERO DE LA CLASIFICACIÓN DECIMAL UNIVERSAL
Número de la Clasificación Decimal Universal 821.134.2 Cervantes Saavedra, Miguel de 7 Quijote(067.5)
245 00 - MENCIÓN DEL TÍTULO
Título Crónica del Centenario del Don Quijote /
Mención de responsabilidad, etc. publicada bajo la dirección de Miguel Sawa y Pablo Becerra.
260 ## - PUBLICACIÓN, DISTRIBUCIÓN, ETC.
Lugar de publicación, distribución, etc. Madrid :
Nombre del editor, distribuidor, etc. Antonio Marzo,
Fecha de publicación, distribución, etc. 1905.
300 ## - DESCRIPCIÓN FÍSICA
Extensión 559 páginas :
Otras características físicas ilustraciones ;
Dimensiones 32 cm.
500 ## - NOTA GENERAL
Nota general En p. 274: Relación de conferencias leídas en el Ateneo de Madrid
505 ## - NOTA DE CONTENIDO CON FORMATO
Nota de contenido con formato Recoge parte de las conferencias dadas en el Ateneo: Cómo se hizo el Quijote / por Francisco Navarro Ledesma (p. 205-244). La imitación de Nuestro Señor don Quijote / por Antonio Palomero (p. 245-261). La poesía del "Quijote" / por Mariano Miguel de Val (p. 263-274)
530 ## - NOTA DISPONIBLE DE FORMULARIO FÍSICO ADICIONAL
Nota de formato físico adicional disponible Disponible en formato digital
600 14 - PUNTO DE ACCESO ADICIONAL DE MATERIA--NOMBRE DE PERSONA
Nombre de persona Cervantes Saavedra, Miguel de,
Fechas asociadas al nombre 1547-1616.
Título de la obra Don Quijote de la Mancha-
Subdivisión de forma Aniversarios y centenarios
9 (RLIN) 37614
610 24 - PUNTO DE ACCESO ADICIONAL DE MATERIA--NOMBRE DE ENTIDAD CORPORATIVA
Nombre de entidad corporativa o nombre de jurisdicción como elemento de entrada Ateneo de Madrid-
Subdivisión de forma Conferencias-
Subdivisión cronológica 1900-1939
9 (RLIN) 1907
700 1# - ENTRADA AGREGADA--NOMBRE PERSONAL
Nombre de persona Sawa, Miguel,
Fechas asociadas al nombre 1866-1910
Término indicativo de función/relación Director de publicación
9 (RLIN) 104089
700 1# - ENTRADA AGREGADA--NOMBRE PERSONAL
Nombre de persona Becerra, Pablo,
Fechas asociadas al nombre 1870-1915
Término indicativo de función/relación Director de publicación
9 (RLIN) 26881
700 1# - ENTRADA AGREGADA--NOMBRE PERSONAL
Nombre de persona Navarro y Ledesma, F.,
Fechas asociadas al nombre 1869-1905
Término indicativo de función/relación Autor
9 (RLIN) 85189
700 1# - ENTRADA AGREGADA--NOMBRE PERSONAL
Nombre de persona Palomero Dechado, Antonio,
Fechas asociadas al nombre 1869-1914
Término indicativo de función/relación Autor
9 (RLIN) 88694
700 1# - ENTRADA AGREGADA--NOMBRE PERSONAL
Nombre de persona Val, Mariano Miguel de,
Fechas asociadas al nombre 1875-1912
Término indicativo de función/relación Autor
9 (RLIN) 112429
740 02 - ENTRADA AGREGADA--TÍTULO RELACIONADO/ANALÍTICO NO CONTROLADO
Título relacionado o analítico no controlado Cómo se hizo el Quijote.
740 32 - ENTRADA AGREGADA--TÍTULO RELACIONADO/ANALÍTICO NO CONTROLADO
Título relacionado o analítico no controlado La imitación de Nuestro Señor don Quijote.
740 32 - ENTRADA AGREGADA--TÍTULO RELACIONADO/ANALÍTICO NO CONTROLADO
Título relacionado o analítico no controlado La poesía del "Quijote"
852 4# - LOCALIZACIÓN
Ubicación ES-MaACL
Ubicación en estantería Sala Pardo Bazán
Número de control de estantería B-1145
Nota libre Revisado enlace: 16 de julio de 2025
856 4# - LOCALIZACIÓN Y ACCESO ELECTRÓNICOS
Identificador Uniforme de Recursos <a href="https://ceclmdigital.uclm.es/viewer.vm?id=0000318215&page=1">https://ceclmdigital.uclm.es/viewer.vm?id=0000318215&page=1</a>
Texto de enlace (Biblioteca Virtual de Castilla-La Mancha)
942 ## - ELEMENTOS DE ENTRADA SECUNDARIOS (KOHA)
Tipo de ítem Koha Libro impreso
Suprimir en OPAC No
Holdings
Estatus retirado Estado de pérdida Fuente del sistema de clasificación o colocación Estado de daño No para préstamo Colección Biblioteca de origen Biblioteca actual Ubicación en estantería Fecha de adquisición Total de préstamos Signatura topográfica completa Código de barras Visto por última vez Tipo de ítem Koha
    Clasificación decimal universal     Fondo Ateneo de Madrid Biblioteca del Ateneo de Madrid Biblioteca del Ateneo de Madrid Sala Pardo Bazán 17/01/2008   B-1145 1052762 23/02/2023 Libro impreso